Burkina Faso czy Mali? - Statystyki

Ogólne statystyki
  • Ten quiz został rozwiązany 9 razy
  • Średni wynik to 10 z 15
Statystyki odpowiedzi
Zagadnienie Odpowiedź % Poprawnych
Ma większą powierzchnię Mali
100%
Graniczy z Algierią Mali
100%
Jego stolicą jest Wagadugu Burkina Faso
88%
Ma większą populację Burkina Faso
75%
Ma na godle konie Burkina Faso
75%
Ma na fladze gwiazdę Burkina Faso
75%
Był w unii z Senegalem Mali
75%
Jego religią jest Islam Oba
75%
Ma wyższe PKB Mali
63%
Nie ma dostępu do morza Oba
63%
Jego językiem urzędowym jest francuski Oba
63%
Ustrojem politycznym tego państwa jest republika Oba
63%
Był kolonią Francji Oba
50%
Przez to państwo przepływa rzeka Wolta Burkina Faso
38%
W tym państwie znajduje się tu najwyższy szczyt Pic de Nakourou (Tena Kuru) Burkina Faso
25%
Nie znaleziono quizów pasujących do podanych kryteriów
Rozkład punktacji
Procent ludzi z każdym wynikiem
Percentyl według liczby udzielonych odpowiedzi
Twoja historia wyników
Nie rozwiązałeś tego quizu